Zgadnij Markę po Emoji. - Statystyki

Ogólne statystyki
  • Ten quiz został rozwiązany 731 razy
  • Średni wynik to 8 z 15
Statystyki odpowiedzi
Emoji Odpowiedź % Poprawnych
📱🍎💵 Apple
94%
🛒🐞🏪 Biedronka
91%
🍔👑🍽️ Burger King
88%
🍟Ⓜ️🟨 McDonald's
87%
🧃🇵🇱🍎 Tymbark
72%
🚗⭕4️⃣ Audi
63%
📺☀️🇵🇱 Polsat
63%
🍗🍽️🧔 KFC
61%
🔍🌐🥽 Google
58%
⛸️👟🇺🇲 Nike
48%
🍫🇩🇪👦 Kinder
44%
🥔🌶️🇬🇧 Lays
35%
🍾🇺🇲🟥 Coca-Cola
19%
📱💻🔌 Media Expert
14%
🛍️🧍‍♀️🛒 Pepco
6%
Nie znaleziono quizów pasujących do podanych kryteriów
Rozkład punktacji
Procent ludzi z każdym wynikiem
Percentyl według liczby udzielonych odpowiedzi
Twoja historia wyników
Nie rozwiązałeś tego quizu